Cornell plantations path guide : the gardens, gorges, landscapes, and lore of Cornell.
Saved in:
| Corporate Author: | |
|---|---|
| Format: | Book |
| Language: | English |
| Published: |
Ithaca, NY :
Cornell University,
1995.
|
| Edition: | 1st ed. |
| Subjects: | |
| Tags: |
Add Tag
No Tags, Be the first to tag this record!
|
| LEADER | 00603nam a22001935u 4500 | ||
|---|---|---|---|
| 001 | 007547653-3 | ||
| 005 | 20020606104010.5 | ||
| 008 | 970806s1995 nyu 000|0 eng d | ||
| 035 | 0 | |a ocm40256593 | |
| 245 | 0 | 0 | |a Cornell plantations path guide : |b the gardens, gorges, landscapes, and lore of Cornell. |
| 250 | |a 1st ed. | ||
| 260 | |a Ithaca, NY : |b Cornell University, |c 1995. | ||
| 300 | |a 138 p. : |b ill., map ; |c 22 cm. | ||
| 500 | |a "Cornell Plantations Path Map" included in pocket. | ||
| 610 | 2 | 0 | |a Cornell Plantations. |
| 650 | 0 | |a Arboretums. | |
| 710 | 2 | |a Cornell University. | |
| 988 | |a 20020608 | ||
| 906 | |0 MH | ||


